| 000 | 05160nam0a2200481 4500 | ||
|---|---|---|---|
| 001 | RU\NLR\BIBL_A\012695283 | ||
| 005 | 20220419172427.0 | ||
| 010 |
_a978-5-00089-497-2 _9100 |
||
| 021 |
_aRU _bКН-П-21-067198 _9КН-П-21-5312 |
||
| 035 | _a(NLR Aleph) 012695283 | ||
| 035 | _a(RuMoRGB)010821585 | ||
| 090 |
_a12860249 _c12860249 |
||
| 100 | _a20220127d2021 k y0rusy50 ca | ||
| 101 | 0 |
_arus _deng |
|
| 102 | _aRU | ||
| 105 | _ay|||z|||000zb | ||
| 181 | 0 |
_ai _baxxe |
|
| 182 | 0 | _an | |
| 200 | 1 |
_aВзаимодействие вуза и школы в преподавании отечественной словесности: стратегии интерпретации некрасовского текста в школьной и вузовской практике _eсборник научных статей X Всероссийской научно-практической конференции с международным участием, г. Ярославль, 18 января 2021 г _fМинистерство просвещения Российской Федерации, Департамент образования Ярославской области, ФГБОУ ВО "Ярославский государственный педагогический университет им. К. Д. Ушинского", ГАУ ДПО ЯО "Институт развития образования", Общероссийская общественная организация "Ассоциация учителей литературы и русского языка" _gпод науч. ред. Н. В. Лукьянчиковой, Ю. А. Филоновой |
|
| 203 |
_aТекст _bвизуальный _cнепосредственный |
||
| 210 |
_aЯрославль _cРИО ЯГПУ _d2021 |
||
| 215 |
_a271 с. _cтабл. _d21 |
||
| 300 | _aРез. ст. англ. | ||
| 320 | _aБиблиогр. в конце ст. | ||
| 330 | _aИздание представляет собой сборник материалов X Всероссийской научно-практической конференции с международным участием, которая проводилась в рамках празднования юбилея Н. А. Некрасова на базе Ярославского государственного педагогического университета им. К. Д. Ушинского 18 января 2021 года. В статьях рассмотрены актуальные проблемы литературоведения, литературной регионалистики, некрасоведения, общие вопросы методики преподавания литературы в вузе и школе, а также вопросы, связанные с преподаванием творчества Н. А. Некрасова в образовательных организациях разного типа. Материалы представляют интерес для научного сообщества, учителей-словесников, студентов вузов, а также широкого круга читателей | ||
| 600 | 1 |
_aНекрасов _bН. А. _gНиколай Алексеевич _f1821 - 1877 _xИзучение в школе _2nlr_sh2 _3RU\NLR\AUTH\66746447 |
|
| 600 | 1 |
_aНекрасов _bН. А. _gНиколай Алексеевич _f1821 - 1877 _xИзучение в высшей школе _2nlr_sh2 _3RU\NLR\AUTH\6601703237 |
|
| 600 | 1 |
_aНекрасов _bН.А. _gНиколай Алексеевич _f1821 - 1877 _xи русская литература _jСъезды, совещания и т.п _2nlr_sh1 _2nlr_sh2 _3RU\NLR\AUTH\66746533 |
|
| 610 | 0 | _aлитература в школе | |
| 675 |
_a37.016:811.161.1(082) _v4 |
||
| 686 | 1 | _aЧ486.21(2)315.8Некрасов | |
| 686 | 1 | _aЧ426.21(2)315.8Некрасов | |
| 686 | 2 | _aШ5(2=Р)52-4Некрасов417 | |
| 702 | 1 |
_aЛукьянчикова _bН. В. _gНаталья Владимировна _4340 |
|
| 702 | 1 |
_aНекрасов _bН. А. _cпоэт _f1821-1877 _gНиколай Алексеевич _3RU\NLR\AUTH\776255 _4280 |
|
| 711 | 1 | 2 |
_a"Взаимодействие вуза и школы в преподавании отечественной словесности: стратегии интерпретации некрасовского текста в школьной и вузовской практике", всероссийская научно-практическая конференция с международным участием _d10 _f2021 _eЯрославль _3RU\NLR\AUTH\880559185 |
| 712 | 0 | 2 |
_aЯрославский государственный педагогический университет им. К. Д. Ушинского _3RU\NLR\AUTH\8815514 _4557 |
| 942 | _cBOOK | ||
| 980 | _aNB | ||